[Event "Novi (MI Women/1/9)"]
[Site "?"]
[Date "1994.??.??"]
[Round "?"]
[White "Garrett, J."]
[Black "Poremsky, S."]
[Result "1-0"]
[WhiteElo "1605"]
[BlackElo "1605"]
[PlyCount "29"]
[EventDate "1994.??.??"]

{1/(9)} 1. e4 e5 2. Nf3 Be7 3. Bb5 Nf6 4. O-O O-O 5. d4 Nxe4 6. dxe5 b6 7. Nc3
Nc5 8. Bg5 Bb7 9. Bd3 Nc6 10. Nd4 Bxg5 11. Qh5 h6 12. Nf3 Be3 13. fxe3 a5 14.
Ng5 hxg5 15. Qh7# 1-0

[Event "Detroit (MI Op/1b/1)"]
[Site "?"]
[Date "1994.??.??"]
[Round "?"]
[White "Gardner, Joe"]
[Black "Steverson, Bunnard"]
[Result "1-0"]
[WhiteElo "2295"]
[BlackElo "1915"]
[PlyCount "77"]
[EventDate "1994.??.??"]

1. Nf3 c5 2. c4 d6 3. g3 Nf6 4. Bg2 g6 5. O-O Bg7 6. d4 cxd4 7. Nxd4 O-O 8. Nc3
Nbd7 9. b3 a6 10. Bb2 Rb8 11. Qd2 Ne5 12. Rac1 Bd7 13. Rfd1 Qc8 14. Nd5 Qd8 15.
c5 Nxd5 16. Bxd5 e6 17. Bg2 d5 18. Nf3 Nxf3+ 19. Bxf3 Bxb2 20. Qxb2 Qg5 21. h4
Qh6 22. Kg2 Qg7 23. Qxg7+ Kxg7 24. e4 dxe4 25. Rxd7 exf3+ 26. Kxf3 Rfd8 27.
Rxd8 Rxd8 28. c6 bxc6 29. Rxc6 a5 30. Rc5 Rd5 31. Rxd5 exd5 32. Ke3 Kf6 33. Kd4
Ke6 34. a3 Kd6 35. g4 f6 36. b4 axb4 37. axb4 h5 38. gxh5 gxh5 39. b5 1-0

[Event "Detroit (MI Op/5/1)"]
[Site "?"]
[Date "1994.??.??"]
[Round "?"]
[White "Gardner, J."]
[Black "Tsemekhman, Vadim"]
[Result "0-1"]
[WhiteElo "2295"]
[BlackElo "2460"]
[PlyCount "134"]
[EventDate "1994.??.??"]

{5/(1)} 1. c4 g6 2. Nc3 Bg7 3. e4 d6 4. d4 Nf6 5. Nf3 O-O 6. Be2 e5 7. dxe5
dxe5 8. Qxd8 Rxd8 9. Bg5 Na6 10. Nd5 Nxd5 11. Bxd8 Nf4 12. Bf1 f5 13. Be7 fxe4
14. Nd2 Bf5 15. O-O-O c5 16. a3 Re8 17. Bg5 Nc7 18. g3 Nd3+ 19. Bxd3 exd3 20.
f3 Ne6 21. Be3 Nd4 22. Bxd4 exd4 23. Rde1 Re3 24. Kd1 Bh6 25. Rhf1 Bh3 26. Rg1
Bd7 27. Rgf1 Kf7 28. b3 b6 29. Rf2 Rxe1+ 30. Kxe1 Be3 31. Ne4 Bxf2+ 32. Nxf2 a6
33. Kd2 Kf6 34. Nxd3 g5 35. a4 Bf5 36. Nf2 h5 37. Kc1 Ke5 38. Kd2 Bd7 39. Kd1
Bc8 40. Kd2 Bb7 41. Ke2 Kf5 42. Nd3 Bc6 43. Nf2 Kf6 44. Nd3 Be8 45. Kd2 Bg6 46.
Nf2 Bh7 47. Kd1 Ke5 48. Kd2 Bf5 49. Nd1 Bh3 50. Nf2 Bg2 51. Nd3+ Kf5 52. Ke2 g4
53. f4 Be4 54. Kd2 Bxd3 55. Kxd3 h4 56. Kd2 Ke4 57. Ke2 h3 58. Kf2 Kd3 59. f5
Kc2 60. f6 d3 61. f7 d2 62. f8=Q d1=Q 63. Qf5+ Kxb3 64. Qd5 Qd4+ 65. Ke1 Qg1+
66. Kd2 Qxh2+ 67. Kc1 Qc2# 0-1

[Event "Detroit (MI Op/3/10)"]
[Site "?"]
[Date "1994.??.??"]
[Round "?"]
[White "Gardner, J."]
[Black "Rajlich, Vasik"]
[Result "1-0"]
[WhiteElo "2295"]
[BlackElo "2100"]
[PlyCount "151"]
[EventDate "1994.??.??"]

{3/(10)} 1. e4 c5 2. c4 Nc6 3. Nc3 g6 4. g3 Bg7 5. Bg2 e6 6. Nge2 Nge7 7. O-O
O-O 8. d3 a6 9. a4 b6 10. Be3 Bb7 11. Rb1 Rc8 12. Qd2 Nb4 13. Rfd1 Re8 14. d4
d6 15. b3 Qc7 16. Rb2 Rcd8 17. Qc1 d5 18. cxd5 exd5 19. Rbd2 c4 20. exd5 Nexd5
21. Nxd5 Nxd5 22. Bg5 Rc8 23. Rc2 f6 24. Rxc4 Qd7 25. Be3 Qg4 26. Nf4 Rxc4 27.
bxc4 Nxe3 28. fxe3 Bxg2 29. Nxg2 Bh6 30. Re1 Re4 31. Qc3 f5 32. Qd3 Qf3 33. Qe2
Qxe2 34. Rxe2 g5 35. Kf2 Kf7 36. Kf3 Ke6 37. Rb2 g4+ 38. Kf2 Bg7 39. Rxb6+ Ke7
40. Rxa6 Bxd4 41. exd4 Rxd4 42. Ke3 Rxc4 43. Nf4 Rc2 44. Ne2 h5 45. Kf2 h4 46.
Ke1 h3 47. Nd4 Rxh2 48. Nxf5+ Kf7 49. Ne3 Ra2 50. Nxg4 h2 51. Nxh2 Rxh2 52. Kf1
Ra2 53. Ra8 Kg6 54. a5 Kg5 55. a6 Kf6 56. Ke1 Kg7 57. Kd1 Ra3 58. g4 Ra4 59.
Kc2 Rxg4 60. Kb3 Rf4 61. Rb8 Rf3+ 62. Ka4 Rf4+ 63. Kb5 Rf5+ 64. Kb6 Rf6+ 65.
Ka7 Rf1 66. Rb6 Rf2 67. Kb7 Rf7+ 68. Kc6 Rf6+ 69. Kb5 Rf5+ 70. Kb4 Rf4+ 71. Ka5
Rf1 72. Rb4 Rf5+ 73. Rb5 Rf6 74. a7 Rf1 75. Rb8 Rf5+ 76. Kb4 1-0

[Event "Detroit (MOR/6/38)"]
[Site "?"]
[Date "1994.??.??"]
[Round "?"]
[White "Gaiefsky, S."]
[Black "Sunts, A."]
[Result "1-0"]
[WhiteElo "1605"]
[BlackElo "1605"]
[PlyCount "135"]
[EventDate "1994.??.??"]

{6/(38)} 1. d4 d5 2. c4 g6 3. Nc3 e6 4. Nf3 Bg7 5. Bg5 f6 6. Bh4 Ne7 7. e4 g5
8. Bg3 dxe4 9. Nxe4 O-O 10. h3 c6 11. Be2 Qa5+ 12. Nfd2 Nf5 13. O-O Nxd4 14.
Nb3 Nxb3 15. Qxb3 Na6 16. Rad1 Nc5 17. Nxc5 Qxc5 18. Bd6 Qa5 19. Bxf8 Bxf8 20.
Qf3 Kg7 21. Qh5 Qc7 22. Bd3 Kh8 23. Bg6 h6 24. Bf7 e5 25. c5 Bf5 26. g4 Be4 27.
Be6 Kg7 28. Rd7+ Qxd7 29. Bxd7 Bg6 30. Qxg6+ Kxg6 31. Bf5+ Kf7 32. Rd1 Bxc5 33.
Rd7+ Be7 34. Rxb7 a5 35. Rc7 Ra6 36. Bd3 Rb6 37. b3 c5 38. Ra7 Rd6 39. Bc4+ Kf8
40. Rxa5 e4 41. Kf1 Rd1+ 42. Kg2 Rd2 43. Kf1 e3 44. Ra8+ Bd8 45. fxe3 Ke7 46.
Ra7+ Kd6 47. Be2 Ke5 48. Kf2 Ke6 49. Kf3 Ke5 50. Ra6 Rd6 51. Rxd6 Kxd6 52. Ke4
Be7 53. a4 Bd8 54. Kf5 Ke7 55. Kg6 Ke6 56. Kxh6 Ke5 57. Kg6 Ke4 58. Bf1 Kxe3
59. Kf5 Kf2 60. Bc4 Ke3 61. Ke6 Kf4 62. Kd5 f5 63. gxf5 Kxf5 64. Kxc5 Ke5 65.
b4 Bc7 66. b5 Bd6+ 67. Kc6 Bb4 68. b6 1-0

[Event "Detroit (MOR/3/37)"]
[Site "?"]
[Date "1994.??.??"]
[Round "?"]
[White "Gaiefsky, S."]
[Black "Schafer, Jurgen"]
[Result "1/2-1/2"]
[WhiteElo "1605"]
[BlackElo "1605"]
[PlyCount "104"]
[EventDate "1994.??.??"]

{3/(37)} 1. d4 d5 2. c4 Nf6 3. Nc3 e6 4. Bg5 Nbd7 5. Nf3 c6 6. e4 dxe4 7. Nxe4
Bb4+ 8. Nc3 Qa5 9. Bd2 O-O 10. Bd3 e5 11. O-O exd4 12. Nxd4 Nc5 13. a3 Bxc3 14.
Bxc3 Qd8 15. Re1 Bg4 16. f3 Bh5 17. Bc2 Qb6 18. b4 Ncd7 19. c5 Qc7 20. Nf5 Rad8
21. Qc1 Bg6 22. Qg5 Kh8 23. Qh4 Rde8 24. Rxe8 Rxe8 25. Re1 Re6 26. Bb1 b6 27.
Nd6 Kg8 28. Bxg6 hxg6 29. Rxe6 fxe6 30. Qc4 Nd5 31. Bxg7 Qd8 32. Bd4 Qh4 33. g3
Qh5 34. Qe2 e5 35. Bb2 bxc5 36. bxc5 Nxc5 37. Bxe5 Nd7 38. Bd4 Kh7 39. Qe8 N5f6
40. Qe7+ Kh6 41. Be3+ g5 42. Nf7+ Kg6 43. Ne5+ Nxe5 44. Qxe5 Qxf3 45. Qxg5+ Kf7
46. Qc5 Qd1+ 47. Kg2 Qe2+ 48. Bf2 Qe4+ 49. Kg1 Qb1+ 50. Kg2 Qe4+ 51. Kh3 Qg4+
52. Kg2 Qe4+ 1/2-1/2

[Event "Novi (Oct)"]
[Site "?"]
[Date "1994.??.??"]
[Round "?"]
[White "Gaiefsky, S."]
[Black "Martell, Raul"]
[Result "1-0"]
[WhiteElo "1605"]
[BlackElo "1605"]
[PlyCount "77"]
[EventDate "1994.??.??"]

1. d4 d5 2. c4 c6 3. Nf3 Bf5 4. Bf4 Nf6 5. Nc3 e6 6. c5 b6 7. b4 Be7 8. h3 O-O
9. e3 Ne4 10. Nxe4 Bxe4 11. Nd2 f5 12. f3 Bg5 13. Bxg5 Qxg5 14. fxe4 fxe4 15.
Qe2 Nd7 16. O-O-O Qg3 17. h4 e5 18. Rh3 Qg6 19. g4 exd4 20. exd4 bxc5 21. bxc5
Rf4 22. g5 Rb8 23. Qe3 Qf5 24. Ba6 Nf8 25. Rg1 Rf2 26. Rf1 Rxf1+ 27. Bxf1 Ne6
28. Rg3 Rb4 29. Bh3 Qg6 30. Bxe6+ Qxe6 31. Nb3 Qf5 32. Nd2 Ra4 33. Qb3 Ra6 34.
Qb8+ Kf7 35. Qb7+ Kg6 36. Qxa6 Qf4 37. Qxc6+ Kh5 38. g6 hxg6 39. Qxg6+ 1-0

[Event "Detroit (Class DE/1/12)"]
[Site "?"]
[Date "1994.??.??"]
[Round "?"]
[White "Gaiefsky, S."]
[Black "Lueer, Michael"]
[Result "1-0"]
[WhiteElo "1605"]
[BlackElo "1605"]
[PlyCount "53"]
[EventDate "1994.??.??"]

{1/(12)} 1. d4 g6 2. c4 Bg7 3. Nc3 d6 4. e4 e5 5. d5 Nf6 6. Be2 O-O 7. Nf3 Bg4
8. O-O Bxf3 9. Bxf3 c6 10. Bg5 Nbd7 11. dxc6 bxc6 12. Qxd6 Qb8 13. Qxc6 Qxb2
14. Na4 Rac8 15. Qb5 Qxb5 16. cxb5 Nc5 17. Nxc5 Rxc5 18. a4 Nd7 19. Be7 Rfc8
20. Bxc5 Nxc5 21. Rfc1 Bf8 22. a5 Rb8 23. Rab1 Nd3 24. Rc7 Rd8 25. b6 Bc5 26.
b7 Rb8 27. Rc8+ 1-0

[Event "Detroit (MOR/1a/13)"]
[Site "?"]
[Date "1994.??.??"]
[Round "?"]
[White "Gaiefsky, S."]
[Black "Libby, Dan"]
[Result "0-1"]
[WhiteElo "1605"]
[BlackElo "1700"]
[PlyCount "108"]
[EventDate "1994.??.??"]

1. d4 Nf6 2. c4 g6 3. Nc3 d5 4. c5 Bg7 5. g3 O-O 6. Bg2 c6 7. Bf4 Bf5 8. e3
Nbd7 9. Nge2 Re8 10. O-O h6 11. e4 Nxe4 12. Nxe4 Bxe4 13. Bxe4 dxe4 14. Re1 e5
15. dxe5 g5 16. Be3 Nxe5 17. Kg2 Nd3 18. Rg1 Qe7 19. Qb3 Nxc5 20. Bxc5 Qxc5 21.
Rac1 Qd5 22. Qxb7 Qxa2 23. Rxc6 Qxb2 24. Qxb2 Bxb2 25. Rxh6 f6 26. h4 a5 27.
hxg5 Kg7 28. Rgh1 fxg5 29. Rh7+ Kf8 30. Rb7 Reb8 31. Rxb2 Rxb2 32. Rh8+ Kf7 33.
Rxa8 Rxe2 34. Kf1 Ra2 35. Ra6 a4 36. Ke1 a3 37. Kf1 Ra1+ 38. Ke2 a2 39. g4 e3
40. fxe3 Rh1 41. Ra7+ Ke6 42. Ra6+ Kd7 43. Ra7+ Kc6 44. Ra6+ Kb7 45. Rxa2 Rh2+
46. Kf3 Rxa2 47. Ke4 Ra5 48. Kf3 Kc6 49. Ke4 Kd6 50. Kf3 Ke5 51. Ke2 Ke4 52.
Kf2 Ra3 53. Kg2 Rxe3 54. Kf2 Ra3 0-1

[Event "Detroit (Class DE/3/5)"]
[Site "?"]
[Date "1994.??.??"]
[Round "?"]
[White "Gaiefsky, S."]
[Black "Harrison, T."]
[Result "1-0"]
[WhiteElo "1605"]
[BlackElo "1605"]
[PlyCount "87"]
[EventDate "1994.??.??"]

{3/(5)} 1. d4 b6 2. c4 Bb7 3. Nc3 g6 4. Nf3 Bg7 5. e4 d6 6. Bg5 Nf6 7. Bd3 O-O
8. O-O c5 9. d5 Qe8 10. Re1 Nfd7 11. Rb1 e5 12. Nb5 f6 13. Bd2 Ba6 14. Nc7 Qc8
15. Nxa8 Qb7 16. Nxb6 axb6 17. Nh4 b5 18. b3 b4 19. Qg4 Rf7 20. Qe6 Qc7 21. Qh3
Bc8 22. Rb2 Nf8 23. g4 Qb7 24. Rc2 Na6 25. Rf1 Nd7 26. Nf3 Nf8 27. Nh4 Nd7 28.
Be3 Nf8 29. f4 Nd7 30. f5 g5 31. Nf3 h6 32. Qg2 Nf8 33. Kh1 Nd7 34. h4 Qc7 35.
hxg5 fxg5 36. Qg3 Nf6 37. Rh2 Bf8 38. Rff2 Rh7 39. Bxg5 hxg5 40. Nxg5 Rg7 41.
Qh4 Nh7 42. f6 Rd7 43. f7+ Rxf7 44. Rxf7 1-0

[Event "Novi (Oct)"]
[Site "?"]
[Date "1994.??.??"]
[Round "?"]
[White "Gaiefsky, S."]
[Black "Bedy, N."]
[Result "0-1"]
[WhiteElo "1605"]
[BlackElo "1605"]
[PlyCount "153"]
[EventDate "1994.??.??"]

1. d4 d5 2. c4 e6 3. Nc3 Nf6 4. Bf4 c6 5. Nf3 Bd6 6. Bxd6 Qxd6 7. c5 Qc7 8. e3
Nbd7 9. Bd3 O-O 10. O-O e5 11. Bf5 e4 12. Ne1 Re8 13. b4 Nf8 14. Bxc8 Qxc8 15.
b5 Ng6 16. g3 Qh3 17. f3 exf3 18. Rxf3 Qe6 19. Nd3 Ng4 20. Qd2 Nxe3 21. Re1 Nc4
22. Qf2 Qd7 23. Rf1 Re7 24. bxc6 bxc6 25. Re1 Rxe1+ 26. Nxe1 Re8 27. Nd3 Re7
28. Nd1 Qe8 29. Nc3 Re3 30. Rxe3 Qxe3 31. Qxe3 Nxe3 32. Nb4 Ne7 33. Ne2 Kf8 34.
Nf4 g6 35. Nfd3 N3f5 36. Ne5 Nxd4 37. Nd7+ Kg7 38. Kf2 f6 39. h3 Kf7 40. g4 Nb5
41. a4 Nc3 42. a5 Ne4+ 43. Ke3 Ke8 44. Nb8 Nxc5 45. N4xc6 Nxc6 46. Nxc6 a6 47.
Kd4 Nb7 48. Kxd5 Kd7 49. Nb8+ Ke7 50. Nc6+ Kf7 51. h4 h5 52. g5 fxg5 53. Ne5+
Kf6 54. hxg5+ Kxg5 55. Ke4 h4 56. Nf7+ Kh5 57. Kf4 Nxa5 58. Ne5 Nb3 59. Nd3 a5
60. Nb2 g5+ 61. Kf3 g4+ 62. Kg2 Kg5 63. Kf2 Kf4 64. Nd3+ Ke4 65. Nb2 Nc5 66.
Nc4 g3+ 67. Kg2 a4 68. Kh3 Kd4 69. Nd2 a3 70. Nf3+ Kc3 71. Nxh4 a2 72. Kxg3
a1=Q 73. Kf3 Qd1+ 74. Kg2 Qg4+ 75. Kf2 Qxh4+ 76. Ke3 Qe7+ 77. Kf4 0-1

[Event "Detroit (MOR/5/50)"]
[Site "?"]
[Date "1994.??.??"]
[Round "?"]
[White "Gaiefsky, S."]
[Black "Bedy, N."]
[Result "1-0"]
[WhiteElo "1605"]
[BlackElo "1605"]
[PlyCount "63"]
[EventDate "1994.??.??"]

{5/(50)} 1. d4 d5 2. c4 dxc4 3. Nc3 a6 4. e4 Nf6 5. Bxc4 b5 6. Bb3 Bb7 7. d5 c6
8. Nf3 cxd5 9. e5 b4 10. Ba4+ Bc6 11. Bxc6+ Nxc6 12. exf6 bxc3 13. bxc3 exf6
14. O-O Be7 15. Qa4 Qd7 16. Re1 O-O 17. Nd4 Rfc8 18. Nxc6 Bf8 19. Ne7+ Qxe7 20.
Rxe7 Bxe7 21. Bd2 Kf8 22. g3 g6 23. Bh6+ Kg8 24. Re1 Bf8 25. Bxf8 Kxf8 26. Qb4+
Kg8 27. Re7 Rab8 28. Qd6 h5 29. Qxf6 Rf8 30. Re5 Rb1+ 31. Kg2 Ra1 32. Qxa6 1-0

[Event "Detroit (WCO/2/7)"]
[Site "?"]
[Date "1994.??.??"]
[Round "?"]
[White "Gaiefsky, Mike"]
[Black "West, Tony"]
[Result "1-0"]
[WhiteElo "1815"]
[BlackElo "1605"]
[PlyCount "86"]
[EventDate "1994.??.??"]

{2/(7)} 1. d4 Nf6 2. c4 g6 3. Nc3 d5 4. Nf3 Bg7 5. e3 O-O 6. Bd3 dxc4 7. Bxc4
a6 8. a4 Nc6 9. a5 b5 10. axb6 cxb6 11. Qe2 Nb4 12. Na2 Nfd5 13. Nxb4 Nxb4 14.
O-O Bb7 15. Bd2 a5 16. Ne5 Nd5 17. f4 e6 18. Rf3 Nf6 19. Rh3 Ne4 20. Be1 Bf6
21. Nf3 Nd6 22. Ba2 Nf5 23. g4 Nd6 24. g5 Bg7 25. Ne5 Rc8 26. Qf2 Ne4 27. Qh4
Re8 28. Qxh7+ Kf8 29. b4 Rc7 30. bxa5 f6 31. axb6 fxe5 32. bxc7 Qxc7 33. Qxg6
exf4 34. Bb4+ Nd6 35. Rf1 f3 36. Rhxf3+ Bxf3 37. Rxf3+ Kg8 38. Bxd6 Qc1+ 39.
Rf1 Qxe3+ 40. Rf2 Qc1+ 41. Rf1 Qe3+ 42. Kh1 Qe2 43. Qxe8+ Kh7 1-0

[Event "Novi (Oct)"]
[Site "?"]
[Date "1994.??.??"]
[Round "?"]
[White "Gaiefsky, Mike"]
[Black "Thompson, Dexter"]
[Result "0-1"]
[WhiteElo "1830"]
[BlackElo "2215"]
[PlyCount "114"]
[EventDate "1994.??.??"]

1. d4 Nf6 2. c4 e5 3. dxe5 Ng4 4. Nf3 Nc6 5. e6 fxe6 6. h3 Nf6 7. Bg5 Bc5 8. e3
O-O 9. Nc3 Bb4 10. Qc2 d5 11. a3 Bxc3+ 12. bxc3 Qe8 13. Bd3 dxc4 14. Bxc4 h6
15. Bh4 Qh5 16. Bg3 Ne7 17. Ne5 Nfd5 18. Be2 Qg5 19. c4 Nxe3 20. Qe4 N7f5 21.
Bd3 g6 22. Nxg6 Qxg6 23. Qxe3 Nxe3 24. Bxg6 Nxg2+ 25. Kf1 Nf4 26. Be4 c6 27.
Rd1 e5 28. Rd6 Kg7 29. Bxf4 Rxf4 30. Rg1+ Kf7 31. f3 Bxh3+ 32. Kf2 Be6 33. c5
Rf8 34. Ke3 Rf6 35. Rb1 b6 36. cxb6 axb6 37. Bxc6 Ke7 38. Rd2 Rb8 39. Rdb2 Kd6
40. Rxb6 Rxb6 41. Rxb6 Kc5 42. Ra6 Bc8 43. Ra5+ Kxc6 44. Rxe5 Re6 45. Ke4 Rxe5+
46. Kxe5 h5 47. Kf4 h4 48. Ke3 h3 49. Kf2 Kb5 50. Kg3 Ka4 51. Kh2 Kxa3 52. f4
Kb3 53. f5 Bxf5 54. Kg3 Kc3 55. Kh2 Kd3 56. Kg3 Ke3 57. Kh2 Kf2 0-1

[Event "Detroit (WCO/4/5)"]
[Site "?"]
[Date "1994.??.??"]
[Round "?"]
[White "Gaiefsky, Mike"]
[Black "McGrath, Michael"]
[Result "1-0"]
[WhiteElo "1815"]
[BlackElo "1765"]
[PlyCount "101"]
[EventDate "1994.??.??"]

{4/(5)} 1. d4 f5 2. c4 Nf6 3. Nc3 g6 4. Nf3 Bg7 5. Qc2 O-O 6. Bf4 d6 7. e3 Nh5
8. Bg5 h6 9. Bh4 g5 10. Nxg5 hxg5 11. Bxg5 Qe8 12. Nd5 Nf6 13. Nxc7 Qd8 14.
Nxa8 Bd7 15. Bd3 Ne4 16. Bxe4 fxe4 17. O-O-O Nc6 18. a3 Qxa8 19. Qxe4 Rxf2 20.
Rd2 Qf8 21. Rxf2 Qxf2 22. Qf3 Qxf3 23. gxf3 Kf7 24. Kc2 Bf5+ 25. Kd2 Na5 26.
Kc3 e5 27. b4 exd4+ 28. exd4 Nc6 29. Be3 Ke6 30. Re1 Kd7 31. h4 Ne7 32. Bg5 Bf8
33. Bf6 Bg6 34. d5 b5 35. Re6 Bf7 36. Bxe7 Bxe7 37. Rh6 bxc4 38. Kxc4 Bd8 39.
f4 Bb6 40. f5 Be3 41. Rh7 Ke7 42. a4 a6 43. Rh8 Be8 44. f6+ Kf7 45. b5 axb5+
46. axb5 Bc5 47. h5 Be3 48. h6 Bxb5+ 49. Kxb5 Kxf6 50. Re8 Bf4 51. Rf8+ 1-0

[Event "Eastpointe (EDO/2/6)"]
[Site "?"]
[Date "1994.??.??"]
[Round "?"]
[White "Gaiefsky, Mike"]
[Black "Gabbara, Faris"]
[Result "0-1"]
[WhiteElo "1850"]
[BlackElo "2140"]
[PlyCount "74"]
[EventDate "1994.??.??"]

{2/(6)} 1. d4 d5 2. c4 e6 3. Nf3 c5 4. cxd5 exd5 5. Nc3 Nc6 6. e3 Nf6 7. a3 Be6
8. dxc5 Bxc5 9. b4 Be7 10. Bd3 O-O 11. O-O Ng4 12. Bb2 Bf6 13. Qc2 g6 14. Rad1
Rc8 15. Qd2 Nce5 16. Nxe5 Nxe5 17. f4 Nc4 18. Bxc4 dxc4 19. Qe2 Qe7 20. e4 Rfe8
21. e5 Bg7 22. Ne4 Red8 23. Nd6 Rc7 24. Rc1 Qd7 25. Bd4 b6 26. Rc3 Qc6 27. Rg3
Rxd6 28. exd6 Bxd4+ 29. Kh1 Qxd6 30. f5 Be5 31. Rg4 Bd5 32. fxg6 hxg6 33. Rg5
Re7 34. Rd1 Qf6 35. Rg4 Qh8 36. h3 Qxh3+ 37. Kg1 Bd4+ 0-1

[Event "Romulus (RVO/1/22)"]
[Site "?"]
[Date "1994.??.??"]
[Round "?"]
[White "Gaiefsky, Mike"]
[Black "Chisholm, D."]
[Result "1-0"]
[WhiteElo "1830"]
[BlackElo "1605"]
[PlyCount "81"]
[EventDate "1994.??.??"]

{1/(22)} 1. Nf3 d5 2. d4 Nf6 3. c4 dxc4 4. Nc3 e6 5. Bg5 Be7 6. e3 O-O 7. Bxc4
h6 8. Bh4 c6 9. O-O b5 10. Bd3 Bb7 11. a3 a6 12. b4 Nh5 13. Bxe7 Qxe7 14. Ne5
Nd7 15. Nxd7 Qxd7 16. Qxh5 Qe7 17. Ne2 Rad8 18. Nf4 Qg5 19. Rac1 Qxh5 20. Nxh5
g6 21. Nf6+ Kg7 22. Ne4 e5 23. Nc5 Bc8 24. dxe5 Rd5 25. f4 Re8 26. Be4 Rd2 27.
Rf2 Rxf2 28. Kxf2 Rd8 29. Ke2 Bg4+ 30. Bf3 Bxf3+ 31. Kxf3 Rd2 32. Nxa6 Ra2 33.
Rc3 h5 34. h4 Ra1 35. Nb8 Rf1+ 36. Kg3 g5 37. fxg5 Rf5 38. Nxc6 Kg6 39. Ne7+
Kg7 40. Nxf5+ Kf8 41. Rc8# 1-0

[Event "Detroit (WCO/4/14)"]
[Site "?"]
[Date "1994.??.??"]
[Round "?"]
[White "Gaiefsky, Joey"]
[Black "Walker, Anthony"]
[Result "1/2-1/2"]
[WhiteElo "1605"]
[BlackElo "1605"]
[PlyCount "137"]
[EventDate "1994.??.??"]

{4/(14)} 1. e4 e6 2. d4 d5 3. e5 c5 4. Nf3 Qb6 5. Be3 Qxb2 6. Nbd2 Nc6 7. Rb1
Qxa2 8. Ra1 Qb2 9. Be2 cxd4 10. Rb1 Qa3 11. Bxd4 Nxd4 12. Nxd4 Qc5 13. N2f3
Qc3+ 14. Qd2 Qxd2+ 15. Nxd2 a6 16. O-O Bc5 17. N4b3 b6 18. Nf3 Ne7 19. c4 Bb7
20. Nxc5 bxc5 21. Rxb7 dxc4 22. Bxc4 Nc6 23. Rb6 Nb8 24. Ra1 O-O 25. Bxa6 Rd8
26. Rab1 Nxa6 27. g3 Rdb8 28. Rxb8+ Nxb8 29. Rd1 Nc6 30. Rd6 Rc8 31. h4 c4 32.
Nd4 Nxe5 33. f4 Nd3 34. Nc6 Kf8 35. Kf1 c3 36. Rxd3 Rxc6 37. Rd1 Ke7 38. Rc1
Kd6 39. Ke2 c2 40. Kd2 f6 41. Rxc2 Rxc2+ 42. Kxc2 e5 43. fxe5+ Kxe5 44. Kd2 Kf5
45. Ke2 g5 46. hxg5 Kxg5 47. Kf3 h5 48. Kf2 f5 49. Kg2 Kg4 50. Kf2 h4 51. gxh4
Kxh4 52. Kf3 Kg5 53. Kg3 Kf6 54. Kf4 Ke6 55. Kf3 Ke5 56. Ke3 f4+ 57. Kf2 Ke4
58. Ke2 f3+ 59. Kf1 Kf4 60. Kf2 Kg4 61. Kf1 Kg3 62. Kg1 Kh3 63. Kf2 Kg4 64. Kf1
Kf4 65. Kf2 Kg4 66. Kf1 Kf4 67. Kf2 Ke4 68. Kf1 Ke3 69. Ke1 1/2-1/2

[Event "Novi (Oct)"]
[Site "?"]
[Date "1994.??.??"]
[Round "?"]
[White "Gaiefsky, Joey"]
[Black "Tripp, Steve"]
[Result "0-1"]
[WhiteElo "1605"]
[BlackElo "1605"]
[PlyCount "98"]
[EventDate "1994.??.??"]

1. e4 c5 2. Nf3 Nc6 3. d4 cxd4 4. Nxd4 Nf6 5. Nc3 g6 6. g3 Bg7 7. Be3 O-O 8.
Bg2 d6 9. O-O Ne5 10. Rc1 a6 11. Bf4 Neg4 12. Nd5 e5 13. Bg5 exd4 14. Qxd4 h6
15. Bxf6 Nxf6 16. e5 dxe5 17. Qxe5 Nxd5 18. Qxd5 Qxd5 19. Bxd5 Rb8 20. Rfe1
Bxb2 21. Rcd1 Bf6 22. h4 Bf5 23. Bb3 Rbd8 24. Rd5 Rxd5 25. Bxd5 b6 26. f4 Rd8
27. c4 Kf8 28. Kf2 h5 29. Kg2 Re8 30. Rd1 Be4+ 31. Bxe4 Rxe4 32. Rd6 Re6 33.
Rd5 Ke7 34. f5 Re5 35. Rd4 Rxf5 36. Re4+ Re5 37. Rf4 Re2+ 38. Kf3 Rxa2 39. Re4+
Kd6 40. Rf4 Ke6 41. g4 hxg4+ 42. Rxg4 Rd2 43. Ke3 Rd4 44. Rxd4 Bxd4+ 45. Kxd4
f5 46. Ke3 Ke5 47. h5 gxh5 48. Kf3 a5 49. Ke3 h4 0-1

[Event "Detroit (Class DE/4/19)"]
[Site "?"]
[Date "1994.??.??"]
[Round "?"]
[White "Gaiefsky, Joey"]
[Black "Scott, A."]
[Result "1/2-1/2"]
[WhiteElo "1605"]
[BlackElo "1605"]
[PlyCount "55"]
[EventDate "1994.??.??"]

{4/(19)} 1. e4 e6 2. d4 c6 3. e5 d6 4. Nf3 d5 5. Bd3 c5 6. Be3 Nc6 7. Bb5 Bd7
8. Nc3 cxd4 9. Bxd4 Nxd4 10. Nxd4 Bxb5 11. Ndxb5 Bb4 12. O-O Bxc3 13. bxc3 Ne7
14. Nd6+ Kf8 15. Qf3 Nf5 16. Nxf5 exf5 17. Qxf5 g6 18. Qf4 Kg7 19. e6 fxe6 20.
Qe5+ Qf6 21. Qc7+ Qf7 22. Qe5+ Qf6 23. Qc7+ Qf7 24. Qe5+ Kh6 25. Qe3+ Kg7 26.
Qe5+ Kh6 27. Qe3+ Kg7 28. Qe5+ 1/2-1/2

[Event "Detroit (Class DE/1/19)"]
[Site "?"]
[Date "1994.??.??"]
[Round "?"]
[White "Gaiefsky, Joey"]
[Black "Roberts, Andy"]
[Result "0-1"]
[WhiteElo "1605"]
[BlackElo "1605"]
[PlyCount "62"]
[EventDate "1994.??.??"]

{1/(19)} 1. e4 e5 2. Nf3 Nc6 3. Nc3 Nf6 4. Bc4 h6 5. h3 a6 6. b3 Bc5 7. Bb2 d6
8. d3 Bb4 9. d4 Nxe4 10. Qd3 d5 11. g3 Nxc3 12. Bxc3 Bxc3+ 13. Qxc3 dxc4 14.
Qxc4 exd4 15. Qe2+ Be6 16. Nh4 O-O 17. Ng6 Re8 18. O-O-O Bf5 19. Qc4 Bxg6 20.
c3 Qg5+ 21. Rd2 dxc3 22. Qxc3 Rad8 23. Rhd1 Bh5 24. h4 Qf5 25. f3 Bxf3 26. Rf1
Rxd2 27. Qxd2 Qc5+ 28. Kb1 Re2 29. Qc1 Be4+ 30. Ka1 Qd4+ 31. Qb2 Qxb2# 0-1

[Event "Detroit (WCO/1/13)"]
[Site "?"]
[Date "1994.??.??"]
[Round "?"]
[White "Gaiefsky, Joey"]
[Black "Kane, Paul"]
[Result "0-1"]
[WhiteElo "1605"]
[BlackElo "1605"]
[PlyCount "48"]
[EventDate "1994.??.??"]

{1/(13)} 1. e4 c5 2. Nf3 d6 3. d4 cxd4 4. Nxd4 Nf6 5. Bd3 a6 6. Nc3 b5 7. Be3
Bb7 8. Qd2 e6 9. Nf3 Nc6 10. Bf4 Be7 11. e5 dxe5 12. Nxe5 O-O 13. O-O-O Nb4 14.
Bh6 Nxd3+ 15. Nxd3 Ng4 16. Bf4 Rc8 17. h3 Nf6 18. Bg3 Ne4 19. Nxe4 Bxe4 20. Bf4
Qd5 21. f3 Bg6 22. h4 Rfd8 23. Ne1 Qxa2 24. c3 Qb1# 0-1

[Event "Detroit (WCO/3/9)"]
[Site "?"]
[Date "1994.??.??"]
[Round "?"]
[White "Gaiefsky, Joey"]
[Black "Bailey, Jason"]
[Result "0-1"]
[WhiteElo "1605"]
[BlackElo "1745"]
[PlyCount "84"]
[EventDate "1994.??.??"]

{3/(9)} 1. e4 e5 2. Nf3 Nf6 3. Nc3 Bb4 4. d3 d6 5. Bg5 Bg4 6. Be2 Nbd7 7. Qd2
c6 8. h3 Be6 9. g4 Qc7 10. Nh4 h6 11. Bxf6 Nxf6 12. Nf5 g6 13. Ng7+ Kd7 14.
Nxe6 fxe6 15. g5 Ng8 16. h4 d5 17. gxh6 d4 18. a3 dxc3 19. bxc3 Be7 20. Rg1
Rxh6 21. d4 Rd8 22. d5 Kc8 23. Bg4 Rxh4 24. Bxe6+ Kb8 25. Qe3 Nf6 26. f3 cxd5
27. exd5 Nxd5 28. Bxd5 Rxd5 29. a4 Bc5 30. Qg5 Bxg1 31. Qxh4 Qxc3+ 32. Kf1
Qxa1+ 33. Kg2 Rd2+ 34. Kh3 Qf1+ 35. Kg4 Rd4+ 36. Kg5 Rxh4 37. Kxh4 Qxf3 38. Kg5
Qf5+ 39. Kh6 e4 40. c4 Bd4 41. Kh7 Qf6 42. Kg8 Qg7# 0-1

[Event "Detroit (MCO/Ch/3/10)"]
[Site "?"]
[Date "1994.??.??"]
[Round "?"]
[White "Gabbara, Faris"]
[Black "Wright, William"]
[Result "1-0"]
[WhiteElo "2195"]
[BlackElo "2185"]
[PlyCount "121"]
[EventDate "1994.??.??"]

{3/(10)} 1. e4 e6 2. d4 d5 3. exd5 exd5 4. Nf3 Nf6 5. Bd3 Bg4 6. O-O Be7 7. Re1
O-O 8. Bg5 Nbd7 9. Nbd2 Re8 10. c4 c6 11. Qc2 h6 12. Bh4 Be6 13. c5 Nh5 14.
Bxe7 Rxe7 15. Re3 Nf4 16. Bf1 Qc7 17. g3 Ng6 18. Rae1 Rae8 19. Bd3 Ndf8 20. Nf1
Bg4 21. N3d2 Bh3 22. b4 Bxf1 23. Nxf1 a6 24. a4 Rxe3 25. Rxe3 Rxe3 26. Nxe3 Ne7
27. Qc3 Ne6 28. h4 h5 29. Nf5 Nxf5 30. Bxf5 Qe7 31. Qe3 Qf6 32. Bxe6 fxe6 33.
Kg2 g6 34. Qh6 Qf5 35. Qg5 Qe4+ 36. Kh2 Kf7 37. Qe5 Qf3 38. Kg1 Qd1+ 39. Kg2
Qxa4 40. Qc7+ Kf6 41. Qd8+ Kf7 42. Qd7+ Kf6 43. Qe8 Kg7 44. Qe7+ Kg8 45. Qxe6+
Kg7 46. Qe7+ Kg8 47. Qd8+ Kf7 48. Qc7+ Kf6 49. Qxb7 Ke6 50. Qc8+ Kf7 51. Qc7+
Kf6 52. Qa5 Qc2 53. Qxa6 Qe4+ 54. Kh2 Qxd4 55. Qxc6+ Kg7 56. Qc7+ Kg8 57. Qd8+
Kg7 58. Qe7+ Kg8 59. Qe3 Qxb4 60. Qe6+ Kg7 61. Qe5+ 1-0

[Event "Eastpointe (EDO/5/6)"]
[Site "?"]
[Date "1994.??.??"]
[Round "?"]
[White "Gabbara, Faris"]
[Black "Ward, Tim"]
[Result "1-0"]
[WhiteElo "2140"]
[BlackElo "1890"]
[PlyCount "55"]
[EventDate "1994.??.??"]

{5/(6)} 1. d4 f5 2. Nc3 Nf6 3. Bg5 e6 4. e4 fxe4 5. f3 exf3 6. Nxf3 Be7 7. Bd3
d6 8. h4 Nc6 9. a3 e5 10. d5 e4 11. Bxe4 Nxe4 12. Nxe4 Ne5 13. Nxe5 dxe5 14.
Qf3 Bxg5 15. hxg5 Qe7 16. O-O-O Rf8 17. Qh5+ Qf7 18. Qxf7+ Rxf7 19. Rxh7 Bd7
20. g6 Rf8 21. Rxg7 O-O-O 22. Nc5 Rg8 23. Rxg8 Rxg8 24. Rf1 Be8 25. g7 Rxg7 26.
Rf8 Re7 27. Ne4 Kd8 28. Nf6 1-0